[Event "senmm16"]
[Site "Magdeburg"]
[Date "2016.10.09"]
[Round "1.1"]
[White "Pruefer, Friedbert, Prof. Dr."]
[Black "Ackermann, Hans Werner"]
[Result "0-1"]
[BlackElo "2360"]
[WhiteElo "2187"]
[LiveChessVersion "1.4.8"]

1. d4 d6 2. g3 e5 3. dxe5 dxe5 4. Qxd8+ Kxd8 5. f4 exf4 6. Bxf4 Bf5 7. Bg2 Nd7
8. Nc3 c6 9. O-O-O Ngf6 10. Nf3 h6 11. e4 Be6 12. Nd4 Bg4 13. Rd2 Bb4 14. Nf5 g5
15. Be5 Be7 16. Nd6 Bxd6 17. Bxd6 Be6 18. Rf1 Ne8 19. e5 Nxd6 20. exd6 a5 21.
Be4 Nc5 22. Bf5 Bc4 23. Re1 Re8 24. Rxe8+ Kxe8 25. b3 Be6 26. Ne4 Nxe4 27. Bxe4
Kd7 28. c4 f5 29. Bg2 Rf8 30. Kb2 f4 31. gxf4 Rxf4 32. Kc3 g4 33. c5 h5 34. Kd3
Rf5 35. Kd4 Bd5 36. Re2 Bxg2 37. Rxg2 b6 38. cxb6 Kxd6 39. Re2 Rb5 40. Re8 Rb4+
41. Kc3 Rxb6 42. a4 h4 43. Ra8 Rb7 44. Rxa5 Rg7 45. Rh5 g3 46. hxg3 hxg3 47. Rh1
g2 48. Rg1 Kc5 49. b4+ Kd5 50. b5 c5 51. b6 Kc6 52. a5 Rg4 53. Kb2 Rg3 54. Kc2
Kb7 55. Kb2 Ka6 56. Kc2 Ra3 57. Kb2 Rg3 58. Kc2 Rg7 59. Kc3 Rg4 60. Kd3 Kb7 61.
Kc3 Kc6 62. Kd3 Rg8 63. Kc4 Rg3 64. b7 Rg4+ 65. Kd3 Kxb7 66. Ke3 Ka6 67. Kf3 Rg8
68. Ke4 Kxa5 69. Kd5 Rg5+ 70. Kc4 Kb6 71. Kd3 Kc6 72. Ke4 Kb5 73. Kf4 Rg8 0-1

[Event "senmm16"]
[Site "Magdeburg"]
[Date "2016.10.09"]
[Round "1.2"]
[White "Khanukov, Boris"]
[Black "Brauer, Christian"]
[Result "1-0"]
[BlackElo "2111"]
[WhiteElo "2316"]
[LiveChessVersion "1.4.8"]

1. d4 e6 2. c4 f5 3. g3 Nf6 4. Bg2 c6 5. Nf3 d5 6. O-O Bd6 7. Nbd2 Nbd7 8. Rb1
b6 9. b4 O-O 10. a4 Qe7 11. Qb3 Bb7 12. Ba3 Rab8 13. Qc2 a5 14. c5 Bc7 15. b5
bxc5 16. dxc5 e5 17. Nh4 g6 18. Nc4 Qe6 19. b6 Bd8 20. Nxa5 Ba6 21. Nf3 Be7 22.
Ng5 1-0

[Event "senmm16"]
[Site "Magdeburg"]
[Date "2016.10.09"]
[Round "1.3"]
[White "Petzold, Hans, Prof. Dr."]
[Black "Rotstein, Jefim"]
[Result "1/2-1/2"]
[BlackElo "2316"]
[WhiteElo "2086"]
[LiveChessVersion "1.4.8"]

1. e4 c5 2. Nc3 e6 3. f4 d5 4. Bb5+ Bd7 5. Bxd7+ Qxd7 6. Nf3 Nc6 7. d3 dxe4 8.
Nxe4 Be7 9. Be3 b6 10. O-O Nf6 11. Ng3 O-O 12. Ne5 Qc7 13. Nxc6 Qxc6 14. f5 e5
15. Bg5 c4 16. Bxf6 Bxf6 17. Ne4 Rad8 18. Rf3 Rd4 19. c3 Rxd3 20. Rxd3 cxd3 21.
Qxd3 Rd8 22. Qf3 Be7 23. Rf1 f6 24. g4 Qb5 25. b3 Rd3 26. Qe2 Qd5 27. Rf3 Rd1+
28. Rf1 Bc5+ 29. Kg2 Rxf1 30. Kxf1 Kf8 31. h4 Be7 32. Kf2 b5 33. Kf3 b4 34. c4
Qd4 35. Qd2 Qg1 36. Nf2 h5 37. gxh5 Qh2 38. h6 Qxh4 39. hxg7+ Kxg7 40. Qd7 Kf8
41. Qc8+ Kf7 42. Qe6+ 1/2-1/2

[Event "senmm16"]
[Site "Magdeburg"]
[Date "2016.10.09"]
[Round "1.4"]
[White "Huettemann, Karl-Heinz"]
[Black "Glasewald, Stefan"]
[Result "1-0"]
[BlackElo "2034"]
[WhiteElo "2249"]
[LiveChessVersion "1.4.8"]

1. c4 e6 2. Nf3 f5 3. Nc3 Nf6 4. g3 Be7 5. Bg2 O-O 6. O-O c6 7. d4 d5 8. Bf4 Qe8
9. Ne5 Nh5 10. Qd2 Nd7 11. Nxd7 Bxd7 12. cxd5 Nxf4 13. dxc6 Nxe2+ 14. Qxe2 bxc6
15. Rfe1 Bf6 16. Qc4 Qc8 17. Na4 Rb8 18. Rac1 Kh8 19. Rc2 f4 20. Nc5 fxg3 21.
hxg3 Qd8 22. b3 Bc8 23. Rd2 Qa5 24. Ne4 Be7 25. Red1 Qb5 26. Rc2 e5 27. Qxb5
Rxb5 28. Rxc6 exd4 29. Rc7 Ba3 30. Rxa7 Bb2 31. Ra8 Rbf5 32. Nd6 Rxf2 33. Rxc8
Rxc8 34. Nxc8 Rf8 35. Nd6 1-0

[Event "senmm16"]
[Site "Magdeburg"]
[Date "2016.10.09"]
[Round "1.5"]
[White "Welz, Peter, Dr."]
[Black "Nekrasov, Mihail"]
[Result "0-1"]
[BlackElo "2388"]
[WhiteElo "2085"]
[LiveChessVersion "1.4.8"]

1. e4 d5 2. exd5 Nf6 3. d4 Nxd5 4. c4 Nb6 5. Nc3 e5 6. Nf3 Bg4 7. Be2 Bxf3 8.
Bxf3 exd4 9. Nd5 Nxd5 10. O-O Nf6 11. Bxb7 Nbd7 12. Re1+ Be7 13. Bxa8 Qxa8 14.
Qxd4 Nf8 15. Rxe7+ Kxe7 16. Qc5+ Kd7 17. Be3 Ne6 18. Qb5+ Kc8 19. Qa5 Rd8 20. b4
Rd7 21. h3 Nd4 22. Rb1 Qe4 23. Rb2 Nf5 24. Bxa7 Rd1+ 25. Kh2 Qf4+ 26. g3 Qf3 27.
Qa6+ Kd8 0-1

[Event "senmm16"]
[Site "Magdeburg"]
[Date "2016.10.09"]
[Round "1.6"]
[White "Werner, Clemens"]
[Black "Schulz, Michael"]
[Result "1/2-1/2"]
[BlackElo "2142"]
[WhiteElo "2323"]
[LiveChessVersion "1.4.8"]

1. e4 e6 2. d4 d5 3. Nc3 Bb4 4. Bd3 dxe4 5. Bxe4 Nf6 6. Bf3 Nc6 7. Nge2 O-O 8.
O-O Ne7 9. Ng3 Ng6 10. Nge4 Nh4 11. Bg5 Nxf3+ 12. Qxf3 Be7 13. Nxf6+ Bxf6 14.
Bxf6 Qxf6 15. Qxf6 gxf6 16. Rad1 c6 17. Rfe1 Rd8 18. Re3 f5 19. Ne2 f6 20. f4
Bd7 21. Rdd3 Kf7 22. Rh3 Rh8 23. Kf2 Rag8 24. Ra3 a6 25. c4 h5 26. Rhg3 Rg4 27.
h3 Rxg3 28. Nxg3 h4 29. Nf1 Rd8 30. Rd3 Be8 31. Ke3 Ke7 32. g3 Bd7 33. gxh4 Rh8
34. Kf2 Rxh4 35. Kg3 Rh8 36. Nd2 b5 37. c5 a5 38. Ra3 Ra8 39. Kf2 Be8 40. Rg3
Kf8 41. Ra3 Bh5 42. Nf1 Bd1 43. Ne3 Bh5 44. Nc2 Be8 45. b4 a4 46. Rd3 Ra7 47.
Re3 Bf7 48. a3 Rd7 49. Rd3 Bh5 50. Ke3 Ke8 51. Rd2 Rg7 52. Kf2 Rd7 53. Ke3
1/2-1/2

[Event "senmm16"]
[Site "Magdeburg"]
[Date "2016.10.09"]
[Round "1.7"]
[White "Witte, Manfred"]
[Black "Herbrechtsmeier, Christof"]
[Result "1/2-1/2"]
[BlackElo "2249"]
[WhiteElo "2187"]
[LiveChessVersion "1.4.8"]

1. e4 g6 2. d4 Bg7 3. Nc3 d5 4. e5 c5 5. f4 cxd4 6. Nce2 Nc6 7. Nxd4 Nh6 8. Ngf3
O-O 9. Be2 Nxd4 10. Nxd4 Nf5 11. Bf3 Nxd4 12. Qxd4 Be6 13. O-O f6 14. Rd1 fxe5
15. fxe5 Qc7 16. Bf4 Rad8 17. Bg3 b6 18. Rd2 Rd7 19. Rad1 Bh6 20. Re2 Qc5 21.
Bf2 1/2-1/2

[Event "senmm16"]
[Site "Magdeburg"]
[Date "2016.10.09"]
[Round "1.8"]
[White "Kiefer, Gerhard"]
[Black "Glatthor, Thomas"]
[Result "1/2-1/2"]
[BlackElo "2035"]
[WhiteElo "2237"]
[LiveChessVersion "1.4.8"]

1. e4 d6 2. d4 g6 3. Nc3 Bg7 4. Be3 c6 5. Qd2 b5 6. Bd3 e5 7. dxe5 dxe5 8. O-O-O
Nd7 9. h4 h6 10. Kb1 Ngf6 11. f3 Qa5 12. Nxb5 Qxd2 13. Nd6+ Ke7 14. Nxc8+ Rhxc8
15. Rxd2 c5 16. Bc4 Rab8 17. Ne2 Rb4 18. Bb3 c4 19. c3 Rb7 20. Bc2 Nc5 21. Bxc5+
Rxc5 22. b4 a5 23. a3 axb4 24. axb4 Rc6 25. Kb2 Ra6 26. Ra1 Rxa1 27. Kxa1 Ne8
28. Rd5 Nd6 29. Kb2 Ke6 30. Rc5 f5 31. g3 Bf6 32. Rc6 Kd7 33. Ba4 Ke7 34. Ra6
Rc7 35. Bc6 fxe4 36. fxe4 g5 37. hxg5 Bxg5 38. Bd5 Be3 39. Rc6 Kd7 40. Rxc7+
Kxc7 41. g4 Bf2 42. Kc2 Kb6 43. Kd2 Kb5 44. Nc1 Ka4 45. Bc6+ Ka3 46. Kc2 Be3 47.
Ne2 Bf2 1/2-1/2

[Event "senmm16"]
[Site "Magdeburg"]
[Date "2016.10.09"]
[Round "1.9"]
[White "Gabriel, Josef"]
[Black "Clara, Hans-Joachim"]
[Result "1/2-1/2"]
[BlackElo "2324"]
[WhiteElo "2139"]
[LiveChessVersion "1.4.8"]

1. Nf3 c5 2. g3 b6 3. Bg2 Bb7 4. O-O Nf6 5. d3 g6 6. e4 d6 7. Nc3 Nbd7 8. Bg5
Bg7 9. Qc1 a6 10. Bh6 O-O 11. Nh4 Qc7 12. Qg5 e6 13. Rae1 Ne5 14. h3 Nfd7 15.
Qe3 Nc6 16. Bxg7 Kxg7 17. f4 Nd4 18. Qf2 f6 19. Nd1 e5 20. c3 Nc6 21. Ne3 Ne7
22. Qd2 Rae8 23. Ng4 Ng8 24. Kh2 b5 25. Nf3 exf4 26. gxf4 d5 27. e5 fxe5 28.
Ngxe5 Nh6 29. d4 c4 30. Ng5 Qd6 31. Nxd7 Qxd7 32. Re5 Nf7 33. Nxf7 Rxf7 34. Qe3
Ref8 35. Kg3 h6 36. Re6 Qc7 37. h4 g5 38. hxg5 hxg5 39. Qe5+ Qxe5 40. Rxe5 gxf4+
41. Kf3 Rf6 42. Bh3 Bc6 43. Rfe1 a5 44. a3 b4 45. axb4 axb4 46. Rg1+ Kf7 47. Bf5
bxc3 48. bxc3 Rb8 49. Kxf4 Rb2 50. Rg3 Bd7 51. Rf3 Bxf5 52. Rxf5 Rxf5+ 53. Kxf5
Re2 1/2-1/2

[Event "senmm16"]
[Site "Magdeburg"]
[Date "2016.10.09"]
[Round "1.10"]
[White "Nehmert, Ulrich"]
[Black "Braeuner, Uwe"]
[Result "1-0"]
[BlackElo "2181"]
[WhiteElo "2270"]
[LiveChessVersion "1.4.8"]

1. e4 c5 2. f4 Nc6 3. Nf3 e6 4. Bb5 Nge7 5. O-O a6 6. Bxc6 Nxc6 7. d3 d5 8. Nc3
Be7 9. Ne5 dxe4 10. Nxc6 bxc6 11. dxe4 O-O 12. Be3 Rb8 13. b3 Qa5 14. Qe1 c4 15.
Nd5 Qd8 16. Nxe7+ Qxe7 17. Qc3 Re8 18. Bd4 f6 19. Qxc4 Qb4 20. Qxb4 Rxb4 21. c3
Rb7 22. e5 f5 23. Bc5 Rd8 24. Rfd1 Rbd7 25. Rd6 Rxd6 26. exd6 Bd7 27. Kf2 Rb8
28. Ke3 Kf7 29. Rf1 h6 30. h4 h5 31. Kd4 Rb7 32. Re1 Rb8 33. Re5 Rb7 34. c4 Ke8
35. Ba3 Kd8 36. Ra5 Bc8 37. Re5 Bd7 38. Bb2 Ke8 39. Ra5 Bc8 40. Kc5 Kd7 41. Bxg7
Rb8 42. b4 Bb7 43. Ra3 Rg8 44. Rg3 1-0

[Event "senmm16"]
[Site "Magdeburg"]
[Date "2016.10.09"]
[Round "1.11"]
[White "Wolf, Walter"]
[Black "Haubt, Georg"]
[Result "1-0"]
[BlackElo "2196"]
[WhiteElo "2109"]
[LiveChessVersion "1.4.8"]

1. e4 d5 2. exd5 Qxd5 3. Nf3 Nf6 4. d4 Bg4 5. Be2 e6 6. O-O Nc6 7. c4 Qd7 8. Be3
Rd8 9. Nc3 Bb4 10. Qb3 O-O 11. Rfd1 Bxc3 12. Qxc3 Qe7 13. a3 Ne4 14. Qe1 b6 15.
d5 exd5 16. cxd5 Na5 17. Rac1 Nb3 18. Rc4 Bc8 19. Bf4 Nd6 20. Rc3 Nc5 21. Re3
Qd7 22. b4 Ncb7 23. Bd3 Qg4 24. Bg3 Rde8 25. Ne5 Qh5 26. Be2 Qh6 27. Qc3 f6 28.
Nf3 Rxe3 29. Qxe3 Qxe3 30. fxe3 Re8 31. Bf2 Ne4 32. Rc1 Re7 33. Nd4 a5 34. Nc6
Rf7 35. Ba6 Rd7 36. bxa5 Nec5 37. Be2 Nb3 38. Rb1 N3xa5 39. Bg4 Nd6 40. Nxa5 f5
41. Be2 bxa5 42. Bg3 Rd8 43. Rb8 Rf8 44. Ra8 g5 45. Bxd6 cxd6 46. Rxa5 Bb7 47.
Kf2 Rc8 48. Bd3 Ra8 49. Rxa8+ Bxa8 50. Bxf5 Bxd5 51. a4 Bb7 52. e4 h6 53. Ke3
Kf7 54. Kd4 Kf6 55. Bd7 h5 56. Bb5 h4 57. a5 Ke7 58. a6 Ba8 59. Bc4 1-0

[Event "senmm16"]
[Site "Magdeburg"]
[Date "2016.10.09"]
[Round "1.12"]
[White "Kierzek, Matthias, Dr."]
[Black "Gerstenberger, Heinz"]
[Result "0-1"]
[BlackElo "2083"]
[WhiteElo "2199"]
[LiveChessVersion "1.4.8"]

1. d4 g6 2. c4 Bg7 3. e4 d6 4. Nc3 e5 5. dxe5 dxe5 6. Qxd8+ Kxd8 7. f4 Nc6 8.
fxe5 Nxe5 9. Bg5+ f6 10. O-O-O+ Bd7 11. Bh4 c6 12. Nf3 Kc7 13. Be2 Re8 14. Nxe5
fxe5 15. Rhf1 Be6 16. h3 Nh6 17. g4 Nf7 18. c5 Bh6+ 19. Kc2 Bf4 20. Bf6 Rhf8 21.
h4 Nd8 22. g5 Bg8 23. Bg4 Ne6 24. Ne2 Nxc5 25. Nxf4 exf4 26. Rxf4 Bxa2 27. Rdf1
Rg8 28. e5 Bd5 29. h5 Ne6 30. hxg6 hxg6 31. R4f2 b5 32. Rh2 Kb6 33. Rh7 a5 34.
Rf2 b4 35. Rfh2 a4 36. Rd7 Nc5 37. Re7 Rd8 38. Rd2 Nb3 39. Re2 Nd4+ 40. Kd3 Nxe2
41. Kxe2 Bc4+ 42. Ke1 Rde8 43. Rxe8 Rxe8 44. Bd7 Ra8 45. Kd2 a3 46. bxa3 bxa3
47. e6 a2 48. e7 Bf7 49. Kc2 Kc7 0-1

[Event "senmm16"]
[Site "Magdeburg"]
[Date "2016.10.09"]
[Round "1.13"]
[White "Bartsch, Berthold"]
[Black "Wuttke, Hans"]
[Result "1/2-1/2"]
[BlackElo "2142"]
[WhiteElo "2267"]
[LiveChessVersion "1.4.8"]

1. Nc3 d5 2. e4 c6 3. g3 dxe4 4. Nxe4 Bf5 5. Bg2 Nd7 6. Ne2 Ngf6 7. N2c3 e6 8.
O-O Be7 9. d3 O-O 10. a3 Nd5 11. Bd2 a5 12. Qe2 Re8 13. Rab1 h6 14. Nd1 Qc7 15.
Ne3 Bg6 16. c4 N5f6 17. Bc3 Nxe4 18. dxe4 Nc5 19. Nc2 Nb3 20. Nd4 Nxd4 21. Bxd4
e5 22. Bc3 a4 23. Bh3 Red8 24. Kg2 Bc5 25. f3 Bd4 26. Bb4 c5 27. Bd2 Ra6 28.
Rfd1 f6 29. Kh1 Bf7 30. Bf1 Qb6 31. Qd3 Qc6 32. g4 Rda8 33. Be2 Qc7 34. Rf1 Be8
35. h4 Rb6 36. b4 axb3 37. Rxb3 Rxb3 38. Qxb3 Ba4 39. Qb1 Bc6 40. Qb3 Ba4 41.
Qb1 Ra6 42. Qa2 Qd7 43. Kg2 Bc6 44. Bc1 Qc7 45. Bd2 Kh7 46. Rh1 Qd7 47. Bc1 Qe6
48. Qb1 Kg8 49. Rh3 Ra8 50. Rg3 Kf7 51. Qb6 Qe7 52. Qb1 Qe6 53. Qb6 Qe7 54. Qb1
Qe6 55. Qb6 1/2-1/2

[Event "senmm16"]
[Site "Magdeburg"]
[Date "2016.10.09"]
[Round "1.14"]
[White "Urban, Hans-Rainer"]
[Black "Kannenberg, Karl-Heinz"]
[Result "1/2-1/2"]
[BlackElo "2214"]
[WhiteElo "2102"]
[LiveChessVersion "1.4.8"]

1. e4 c6 2. d4 d5 3. e5 Bf5 4. c4 e6 5. Nc3 Ne7 6. Be3 dxc4 7. Bxc4 Nd7 8. g4
Bg6 9. Nh3 Nb6 10. Bb3 Ned5 11. Bg5 Be7 12. Qd2 h6 13. Bxe7 Qxe7 14. f3 Qh4+ 15.
Nf2 O-O 16. O-O-O Nxc3 17. bxc3 Qe7 18. Ne4 a5 19. Nd6 Nc8 20. Nxc8 Rfxc8 21.
Bc2 Bxc2 22. Kxc2 c5 23. d5 exd5 24. Qxd5 c4 25. Qd6 Qe8 26. f4 Rd8 27. Qa3 Qc6
28. Qc1 Qg2+ 29. Kb1 Qxg4 30. Rd2 Qf5+ 31. Ka1 Rd3 32. Rxd3 cxd3 33. Qd2 Rd8 34.
Rg1 g6 35. Kb2 b5 36. Re1 Qg4 37. Rd1 b4 38. Re1 bxc3+ 39. Kxc3 Qc8+ 40. Kb2 Qc4
41. Rc1 Qd4+ 42. Ka3 Rb8 43. Rc7 Rb4 44. Rc3 Qd7 45. Rb3 Ra4+ 46. Kb2 Qd4+ 47.
Kb1 Rb4 48. Rxb4 axb4 49. e6 fxe6 50. f5 exf5 51. Qxh6 Qg7 52. Qg5 Kf7 53. Qd8
Qc3 54. Qd7+ Kf6 55. Qd6+ Kg5 56. Qg3+ Kh6 57. Qh4+ Kg7 58. Qe7+ Kg8 59. Qd8+
Kf7 60. Qd7+ Kf6 61. Qd6+ Kg7 62. Qe7+ Kh8 63. Qd8+ 1/2-1/2

[Event "senmm16"]
[Site "Magdeburg"]
[Date "2016.10.09"]
[Round "1.16"]
[White "Ellenberg, Ekkehard"]
[Black "Urytskyy, Arkadiy"]
[Result "1/2-1/2"]
[BlackElo "2178"]
[WhiteElo "2109"]
[LiveChessVersion "1.4.8"]

1. Nf3 c5 2. g3 Nf6 3. Bg2 d5 4. d3 Nc6 5. Nbd2 g6 6. c3 Bg7 7. O-O O-O 8. Qc2
Qc7 9. e4 Rd8 10. Re1 dxe4 11. dxe4 e5 12. Nf1 b6 13. Bg5 h6 14. Bxf6 Bxf6 15.
Ne3 Ne7 16. Rad1 Bb7 17. h4 h5 18. Nh2 Rxd1 19. Rxd1 Rd8 20. Nhf1 Bg7 21. Rd2
Bh6 22. Qd1 Rxd2 23. Qxd2 Bc6 24. Qd3 Qd7 25. Nd5 Bxd5 26. exd5 Nc8 27. Ne3 Bxe3
28. Qxe3 Qf5 29. Be4 Qf6 30. Kg2 Nd6 31. Bd3 Kg7 32. a4 Qe7 33. b3 f5 34. c4 Qf6
35. Bc2 e4 36. Bd1 Qd4 37. Be2 Nf7 38. Qc1 a5 39. Qe3 Qb2 40. Kg1 Ne5 41. Kg2
Qd4 42. Qg5 Nf7 43. Qe3 Kf6 44. Kg1 Qb2 45. Kg2 Kg7 46. Kg1 Qa1+ 47. Kg2 Qe1 48.
Bf1 Qd1 49. Be2 Qc2 50. Kg1 Ne5 51. Kg2 Qb2 52. Kg1 Qd4 53. Kg2 Qxe3 54. fxe3
Kf6 55. Kf2 Nf7 56. Bd1 Ke5 57. Be2 Nd6 58. Ke1 Ne8 59. Kf2 Nc7 60. Ke1 Na6 61.
Kd2 1/2-1/2

[Event "senmm16"]
[Site "Magdeburg"]
[Date "2016.10.09"]
[Round "1.17"]
[White "Hamm, Georg, Dr."]
[Black "Schulze, Ulrich"]
[Result "0-1"]
[BlackElo "2299"]
[WhiteElo "2123"]
[LiveChessVersion "1.4.8"]

1. Nf3 Nf6 2. g3 g6 3. Bg2 Bg7 4. O-O O-O 5. d3 d5 6. Nbd2 c6 7. e4 Bg4 8. h3
Bxf3 9. Qxf3 Nbd7 10. Qe2 e5 11. b3 Re8 12. Bb2 Qb6 13. a4 a5 14. Rfe1 Rad8 15.
Nf3 Nc5 16. Nd2 Na6 17. Nf1 Nb4 18. Ba3 Qc5 19. Rec1 Qc3 20. Bxb4 axb4 21. Qe1
Bh6 22. Qxc3 bxc3 23. Rd1 d4 24. Nh2 Nd7 25. Ng4 Bd2 26. Nh2 Ra8 27. Nf3 Bh6 28.
Ne1 Nc5 29. Bf1 Na6 30. Be2 Nb4 31. Kf1 Bd2 32. Rab1 Bxe1 33. Kxe1 Nxc2+ 34. Kf1
b5 35. Rdc1 Nb4 36. Ra1 bxa4 37. bxa4 Ra5 38. Ke1 Rea8 39. f4 f6 40. fxe5 fxe5
0-1

[Event "senmm16"]
[Site "Magdeburg"]
[Date "2016.10.09"]
[Round "1.18"]
[White "Fritsch, Rolf"]
[Black "Schmidt, Joerg, Prof. Dr."]
[Result "1-0"]
[BlackElo "2116"]
[WhiteElo "2258"]
[LiveChessVersion "1.4.8"]

1. d4 Nf6 2. Bf4 c5 3. e3 g6 4. c3 cxd4 5. exd4 Bg7 6. Nd2 d6 7. h3 Nc6 8. Ngf3
a6 9. Be2 O-O 10. O-O b5 11. a4 b4 12. c4 a5 13. d5 Nb8 14. Ra2 Nh5 15. Bh2 Na6
16. Nb3 Bd7 17. Nfd4 Rc8 18. Re1 Nf6 19. Bf1 Nc5 20. Nxc5 dxc5 21. Nb5 Ne8 22.
Be2 Bf6 23. Bg4 Bxg4 24. Qxg4 Ra8 25. Qg3 Ra6 26. Qe3 Nd6 27. Qxc5 1-0

[Event "senmm16"]
[Site "Magdeburg"]
[Date "2016.10.09"]
[Round "1.19"]
[White "Werchan, Hans, Dr."]
[Black "Frick, Christoph"]
[Result "0-1"]
[BlackElo "2238"]
[WhiteElo "2048"]
[LiveChessVersion "1.4.8"]

1. Nf3 d5 2. c4 c6 3. g3 Nf6 4. Bg2 Bg4 5. O-O e6 6. b3 Nbd7 7. Bb2 Bd6 8. d3
Qe7 9. Nbd2 Rd8 10. Qc2 O-O 11. Rfe1 e5 12. h3 Bh5 13. e4 dxe4 14. dxe4 Ba3 15.
Bc3 Bb4 16. Bxb4 Qxb4 17. a3 Qe7 18. b4 c5 19. Rab1 Bxf3 20. Nxf3 Rc8 21. h4 b5
22. cxb5 cxb4 23. Qb3 bxa3 24. Re3 Rc7 25. Ne1 Rfc8 26. Qxa3 Qe6 27. Bf3 Nb6 28.
Be2 h6 29. Kg2 Ne8 30. Qb3 Nc4 31. Bxc4 Rxc4 32. Rd1 Nd6 33. f3 R8c5 34. Rd5
Rxd5 35. exd5 Qxd5 36. Rd3 Qxb5 37. Qxb5 Nxb5 38. Rd5 Rb4 39. Nd3 Rd4 40. Rxb5
Rxd3 41. Rxe5 Kf8 42. Ra5 Rd7 43. h5 Ke7 44. f4 Kd8 45. g4 f6 46. Kf3 Kc8 47.
Ke4 Kb7 48. Kf5 Kb6 49. Ra1 a5 50. Rb1+ Ka6 51. Rb8 Rb7 52. Ra8+ Kb5 53. g5 fxg5
54. fxg5 hxg5 55. Kxg5 a4 56. Kg6 Kb4 57. Rg8 a3 58. Rxg7 Rxg7+ 59. Kxg7 a2 60.
h6 a1=Q+ 61. Kg8 Qg1+ 62. Kh8 Qd4+ 63. Kg8 Qd8+ 64. Kg7 Qe7+ 65. Kg8 0-1

[Event "senmm16"]
[Site "Magdeburg"]
[Date "2016.10.09"]
[Round "1.23"]
[White "Baumbach, Friedrich, Dr."]
[Black "Ditmas, Hugh"]
[Result "1/2-1/2"]
[BlackElo "1974"]
[WhiteElo "2228"]
[LiveChessVersion "1.4.8"]

1. d4 Nf6 2. c4 e6 3. Nf3 b6 4. a3 Bb7 5. e3 Be7 6. Bd3 O-O 7. Nc3 d5 8. O-O
dxc4 9. Bxc4 c5 10. Qe2 a6 11. dxc5 Bxc5 12. b4 Be7 13. e4 b5 14. Bb3 Qc7 15.
Bd2 Rd8 16. Rac1 Qd7 17. Rfd1 Qe8 18. e5 Nd5 19. Ne4 Nd7 20. Bg5 Bxg5 21. Nd6
Qe7 22. Nxg5 Qxg5 23. Nxb7 Rdc8 24. Rxc8+ Rxc8 25. Bxd5 exd5 26. e6 Ne5 27. f4
Qxf4 28. Nd6 Rc1 29. exf7+ Kf8 30. Rxc1 Qxc1+ 31. Kf2 Qf4+ 32. Kg1 Qc1+ 33. Kf2
Qf4+ 34. Kg1 Qd4+ 35. Kf1 Qf4+ 36. Kg1 1/2-1/2

[Event "senmm16"]
[Site "Magdeburg"]
[Date "2016.10.09"]
[Round "1.24"]
[White "Pundt, Wilfried"]
[Black "Burchardt, Brigitte"]
[Result "0-1"]
[BlackElo "2161"]
[WhiteElo "1929"]
[LiveChessVersion "1.4.8"]

1. e4 c5 2. b4 cxb4 3. a3 e5 4. Nf3 Nc6 5. Bb5 Qb6 6. Bxc6 bxc6 7. Bb2 d6 8. O-O
bxa3 9. Bxa3 Nf6 10. Nc3 Bg4 11. Qe2 Be7 12. Rfb1 Qc7 13. Qa6 Bc8 14. Qe2 O-O
15. d4 exd4 16. Nxd4 Re8 17. Qc4 c5 18. Ncb5 Qd7 19. Nf5 Ba6 20. Bc1 d5 21.
Nxe7+ Rxe7 22. Qxc5 Nxe4 23. Qb4 Bxb5 24. Qxb5 Nc3 25. Qf1 Nxb1 26. Rxb1 h6 27.
g3 Rae8 28. Be3 a5 29. Rd1 Qc6 30. Qd3 a4 0-1